02071nam a2200205Ia 4500001000400000008004100004010000800045041001400053082002100067245018600088260001800274300000800292520000700300630001600307630001300323650002700336700003700363700004500400520142000445879241029s9999 xx 000 0 und d a801 aEspañol aFLE MA 2009 139 0aFactores que influyen en la selección de la Carrera de Contabilidad en los estudiantes que cursan el Nivel de Grado en la Universidad Autónoma de Santo Domingo (UASD) 2008-2009) aSanto Domingo a127 a20 aEstudiantes aFactores aElección de Estudios easesoraDisla , José Francisco eautoraFrías Abreu , Genara Altagracia aEl propósito principal de este estudio consistió en determinar los factores que influyen en la elección de la carrera de contabilidad en los estudiantes que cursan el nivel de grado periodo 2008-2009. La investigación fue de corte descriptivo y de campo; y se fundamentó en los métodos inductivo y deductivo. El instrumento de recolección de datos consistió en el cuestionario.  La población objeto de estudio estuvo constituida por 9,690 estudiantes que cursan la carrara de Contabilidad en la Universidad Autónoma de Santo Domingo (UASD 2006-2009) y 134 profesores. Se escogió una muestra de 356 estudiantes y 67 profesores. El estudio concluye que  los factores que influyeron para que los estudiantes seleccionaran la carrera de Contabilidad como elección de su preferencia dentro de las demás profesiones que se imparten en la UASD, ha sido argumentada por razones de orden económico. Otros factores están argumentados por razones de informaciones extrauniversitaria sobre la carrera.  El estudio recomienda  que la universidad tiene que velar para que los bachilleres de nuevo ingreso, decidan matricular la carrera, motivados por ser conscientes de poseer habilidades positivas para estudiarla. Y que prevalezca en él, la vocación de servicio con conducta ética en el ejercicio profesional. Preservando que sea el punto de partida, en su formación universitaria.